[Event "DVM U12 2011"]
[Site "Arendsee (Altmark) GER"]
[Date "2011.12.27"]
[Round "1"]
[White "Rauch, Marie-Louise"]
[Black "Tschammer, Kai"]
[Result "1-0"]
[Termination "normal"]
[Board "6.4"]
[WhiteElo "1029"]
[BlackElo "946"]
[WhiteTeam "MTV 1876 Saalfeld"]
[BlackTeam "SC Erlangen"]
[WhiteFideId "16217500"]
[BlackFideId "12939099"]
[EventCountry "GER"]
[EventRounds "7"]
[EventType "team-swiss"]
[EventDate "2011.12.26"]

1. e4 e5 2. Nf3 Nc6 3. Bc4 Nf6 4. Nc3 Nxe4 5. Bb5 Nxc3 6. dxc3 a6 7. Bxc6 bxc6
8. Nxe5 Bc5 9. O-O O-O 10. b4 Bd6 11. Re1 Qf6 12. Qd4 Re8 13. Bf4 Bb7 14. Nd3
Qg6 15. g3 Bxf4 16. Qxf4 d6 17. Re3 Qh5 18. Rae1 Rf8 19. Qf3 Qxf3 20. Rxf3 c5
21. Rf4 cxb4 22. cxb4 Rfe8 23. Rxe8+ Rxe8 24. Rc4 Rc8 25. a4 c6 26. Re4 c5 27.
Re2 cxb4 28. Nxb4 a5 29. Nd3 Ba6 30. Re3 Kf8 31. Re2 Rc4 32. Nb2 Rxa4 33. Nxa4
Bxe2 34. f4 Ke7 35. Kf2 Bc4 36. Ke3 Kd7 37. Nb6+ Kc6 38. Nxc4 Kb5 39. Kd3 Kb4
40. Nxd6 a4 41. Nc4 a3 42. Nxa3 Kxa3 43. c4 Kb4 44. Kd4 f5 45. Kd5 Ka5 46. Kc6
Ka6 47. Kc7 Ka7 48. c5 g6 49. Kc8 Ka8 50. c6 Ka7 51. c7 Kb6 52. Kd7 Kb5 53.
c8=Q Kb6 54. Qc6+ Ka5 55. Qb7 h5 56. Kc6 Ka4 57. Kc5 Ka3 58. Kc4 Ka2 59. Kc3
Ka1 60. Kc2 Ka2 61. Qb2# 1-0

[Event "DVM U12 2011"]
[Site "Arendsee (Altmark) GER"]
[Date "2011.12.27"]
[Round "1"]
[White "Wichmann, Adrian"]
[Black "Renger, Niklas"]
[Result "1-0"]
[Termination "normal"]
[Board "7.1"]
[WhiteElo "1694"]
[BlackElo "1499"]
[WhiteTeam "SV Seubelsdorf"]
[BlackTeam "SG GW Dresden"]
[WhiteFideId "12904708"]
[BlackFideId "12908096"]
[EventCountry "GER"]
[EventRounds "7"]
[EventType "team-swiss"]
[EventDate "2011.12.26"]

1. e4 c5 2. c3 Nf6 3. e5 Nd5 4. d4 cxd4 5. cxd4 Nc6 6. Nf3 d6 7. exd6 exd6 8.
Nc3 Nxc3 9. bxc3 d5 10. Bd3 Bg4 11. Bf4 Bd6 12. Bxd6 Qxd6 13. O-O Bxf3 14. Qxf3
O-O 15. Rfe1 Rac8 16. Re2 Ne7 17. Rae1 Ng6 18. Bxg6 hxg6 19. h3 b6 20. Re3 Qc6
21. Qe2 Qc4 22. Qd2 a5 23. Rb1 b5 24. Rb3 Rb8 25. Re1 b4 26. cxb4 Rxb4 27. Rxb4
Qxb4 28. Qxb4 axb4 29. Rb1 Rb8 30. Kf1 Kf8 31. Ke2 Ra8 32. Rb2 Ra4 33. Kd3 Ra3+
34. Kd2 Ke7 35. Rxb4 Rxa2+ 36. Ke3 Ra7 37. Kf4 Rd7 38. g4 f6 39. g5 Kf7 40. h4
Re7 41. f3 Rd7 42. Rb6 Ke7 43. Kg4 Kf7 44. h5 gxh5+ 45. Kxh5 fxg5 46. Kxg5 Rd8
47. Rb7+ Kg8 48. f4 Kf8 49. Kf5 Re8 50. Rd7 g6+ 51. Kf6 Kg8 52. Kxg6 Kh8 53.
Rxd5 Rg8+ 54. Kh6 1-0

[Event "DVM U12 2011"]
[Site "Arendsee (Altmark) GER"]
[Date "2011.12.27"]
[Round "1"]
[White "Sack, Carl-Anton"]
[Black "Kolb, Verena"]
[Result "1-0"]
[Termination "normal"]
[Board "7.2"]
[WhiteElo "1487"]
[BlackElo "964"]
[WhiteTeam "SG GW Dresden"]
[BlackTeam "SV Seubelsdorf"]
[WhiteFideId "1270309"]
[BlackFideId "12992313"]
[EventCountry "GER"]
[EventRounds "7"]
[EventType "team-swiss"]
[EventDate "2011.12.26"]

1. e4 e6 2. d4 d5 3. Nd2 c5 4. c3 Qb6 5. Ndf3 Nc6 6. Ne2 Nf6 7. e5 Ne4 8. Ng3
Nxg3 9. fxg3 Be7 10. Qd3 f6 11. exf6 Bxf6 12. dxc5 Qxc5 13. Be3 Qd6 14. Be2 Ne5
15. Nxe5 Bxe5 16. O-O Bd7 17. Bd4 O-O-O 18. Qe3 Bxd4 19. Qxd4 Kb8 20. Qxg7 Qb6+
21. Kh1 Qxb2 22. Qe5+ Kc8 23. Rab1 Qc2 24. Ba6 Bc6 25. Qxe6+ Kc7 26. Qe5+ Kc8
27. Qe6+ Kc7 28. Qe7+ Rd7 29. Qe5+ Kc8 30. Qxh8+ Kc7 31. Qe5+ Kc8 32. Qe8+ Kc7
33. Bxb7 d4 34. Qc8+ Kd6 35. Qxc6+ Ke7 36. Rfe1+ Kf7 37. Qxd7+ Kg6 38. Be4+
Qxe4 39. Rxe4 dxc3 40. Qd5 c2 41. Re6+ Kf7 42. Qd7+ Kf8 43. Re8# 1-0

[Event "DVM U12 2011"]
[Site "Arendsee (Altmark) GER"]
[Date "2011.12.27"]
[Round "1"]
[White "Werner, Sebastian"]
[Black "Michel, Richard"]
[Result "0-1"]
[Termination "normal"]
[Board "7.3"]
[WhiteElo "1043"]
[BlackElo "1596"]
[WhiteTeam "SV Seubelsdorf"]
[BlackTeam "SG GW Dresden"]
[BlackFideId "1270310"]
[EventCountry "GER"]
[EventRounds "7"]
[EventType "team-swiss"]
[EventDate "2011.12.26"]

1. e4 c5 2. Nf3 d6 3. d4 cxd4 4. Nxd4 Nf6 5. Nc3 g6 6. Be3 Bg7 7. Bc4 O-O 8.
O-O Nc6 9. Qd2 Ng4 10. Bf4 Nxd4 11. h3 Ne5 12. Bh6 Nef3+ 13. Kh1 Nxd2 14. Bxd2
Nxc2 15. Rac1 Nd4 16. Rfd1 Be6 17. Bb5 Nxb5 18. Nxb5 Rc8 19. Rxc8 Qxc8 20. Nxa7
Qc2 21. Rc1 Qxd2 22. Rb1 Bxa2 23. Rf1 Ra8 24. Nb5 Bc4 25. Nc7 Bxf1 26. Nxa8
Qxf2 27. Nb6 Qxg2# 0-1

[Event "DVM U12 2011"]
[Site "Arendsee (Altmark) GER"]
[Date "2011.12.27"]
[Round "1"]
[White "Schuler, Max"]
[Black "Wiemann, Daniel"]
[Result "1-0"]
[Termination "normal"]
[Board "7.4"]
[WhiteElo "1212"]
[BlackElo "1047"]
[WhiteTeam "SG GW Dresden"]
[BlackTeam "SV Seubelsdorf"]
[WhiteFideId "12964913"]
[BlackFideId "12942944"]
[EventCountry "GER"]
[EventRounds "7"]
[EventType "team-swiss"]
[EventDate "2011.12.26"]

1. e4 e6 2. d4 d5 3. Nd2 c6 4. e5 c5 5. c3 cxd4 6. cxd4 Nc6 7. Ndf3 Bb4+ 8. Bd2
a6 9. a3 Bxd2+ 10. Qxd2 Nge7 11. Bd3 Qa5 12. b4 Qb6 13. Ne2 Bd7 14. O-O Rc8 15.
Rac1 a5 16. b5 Na7 17. Rxc8+ Nexc8 18. a4 h6 19. Rc1 g5 20. h3 Ne7 21. Qc2 Kd8
22. Qc5 Qxc5 23. Rxc5 b6 24. Rc1 Rf8 25. Ng3 f6 26. exf6 Rxf6 27. Kf1 Nac8 28.
Re1 Nd6 29. Re2 Ndf5 30. Nxf5 Nxf5 31. Bxf5 Rxf5 32. Re5 Rxe5 33. Nxe5 Kc7 34.
Ke2 Be8 35. g4 Kd6 36. Ke3 Ke7 37. f4 Kf8 38. Kf3 Ke7 39. Kg3 Kf8 40. fxg5 h5
41. Kf4 Ke7 42. g6 h4 43. g5 Kf8 44. Kg4 Kg7 45. Kh5 Kh8 46. Kxh4 Kg7 47. Kh5
Kh8 48. Kh6 Kg8 49. g7 Bh5 50. Kxh5 Kxg7 51. Nd7 e5 52. Nxe5 Kh8 53. Nd7 Kh7
54. Nxb6 Kg7 55. Nxd5 Kh7 56. b6 Kg7 57. b7 Kh7 58. b8=Q Kg7 59. Qe5+ Kh7 60.
Qf5+ Kg8 61. Qd7 Kh8 62. Kg6 Kg8 63. Qg7# 1-0

[Event "DVM U12 2011"]
[Site "Arendsee (Altmark) GER"]
[Date "2011.12.27"]
[Round "1"]
[White "Schröter, Ron"]
[Black "Tepper, Oliver"]
[Result "1-0"]
[Termination "normal"]
[Board "8.1"]
[WhiteElo "1491"]
[BlackElo "1098"]
[WhiteTeam "SG Porz"]
[BlackTeam "SC 1997 Lambsheim"]
[WhiteFideId "12941727"]
[EventCountry "GER"]
[EventRounds "7"]
[EventType "team-swiss"]
[EventDate "2011.12.26"]

1. e4 e5 2. Nf3 Nc6 3. d4 exd4 4. Nxd4 Bc5 5. Nxc6 bxc6 6. Bc4 d6 7. O-O Nf6 8.
Bg5 O-O 9. Nc3 Qe7 10. a3 a5 11. Qf3 Bd4 12. Rae1 Be6 13. Bxe6 Qxe6 14. Bxf6
Bxf6 15. Qf5 Qxf5 16. exf5 Rab8 17. Rb1 Rfe8 18. Rfd1 Kf8 19. f3 Bxc3 20. bxc3
Rxb1 21. Rxb1 Re2 22. Rb8+ Ke7 23. Rc8 Kd7 24. Rg8 g6 25. fxg6 hxg6 26. Ra8
Rxc2 27. Rxa5 Rxc3 28. Ra8 Rd3 29. a4 c5 30. a5 c4 31. a6 c3 32. a7 c2 33. Rd8+
Kxd8 34. a8=Q+ Ke7 35. Qe4+ Kd8 36. Qh4+ Kc8 37. Qh8+ Kd7 38. Qh3+ Ke8 39. Qc8+
Ke7 40. Qxc7+ Ke6 41. Qxc2 Rd5 42. Qe4+ Re5 43. Qg4+ Rf5 44. Kf2 Ke5 45. Ke3
Ke6 46. h4 Kf6 47. Qd4+ Re5+ 48. Kf4 Ke6 49. Qc4+ Rd5 50. g4 f6 51. Qe4+ Re5
52. Qxg6 Ke7 53. h5 Ke6 54. h6 Ke7 55. h7 Ke6 56. h8=Q Kd5 57. Qd3+ Ke6 58.
Qe8# 1-0

[Event "DVM U12 2011"]
[Site "Arendsee (Altmark) GER"]
[Date "2011.12.27"]
[Round "1"]
[White "Kagan, Dennis"]
[Black "Dalchow, Jonas"]
[Result "1-0"]
[Termination "normal"]
[Board "8.3"]
[WhiteElo "1151"]
[BlackElo "1088"]
[WhiteTeam "SG Porz"]
[BlackTeam "SC 1997 Lambsheim"]
[WhiteFideId "12983578"]
[BlackFideId "12971251"]
[EventCountry "GER"]
[EventRounds "7"]
[EventType "team-swiss"]
[EventDate "2011.12.26"]

1. e4 e5 2. Nf3 Nc6 3. d4 exd4 4. Nxd4 Nxd4 5. Qxd4 Nf6 6. Bc4 Bd6 7. e5 Qe7 8.
f4 Bc5 9. Qd1 Ne4 10. Rf1 Qh4+ 11. Ke2 Qg4+ 12. Ke1 Qxg2 13. Qf3 Qxc2 14. Nc3
Bb4 15. Bb3 Bxc3+ 16. bxc3 Qxc3+ 17. Qxc3 Nxc3 18. Bb2 Nb5 19. Rg1 O-O 20. e6
g6 21. exf7+ Rxf7 22. Bxf7+ Kxf7 23. Kd2 d6 24. Rac1 c6 25. h4 Be6 26. a4 Nc7
27. h5 Rg8 28. Rcf1 Bc4 29. Rf3 c5 30. f5 g5 31. Re1 d5 32. f6 Re8 33. Rxe8
Kxe8 34. f7+ Kf8 35. Bg7+ Kxg7 36. f8=Q# 1-0

[Event "DVM U12 2011"]
[Site "Arendsee (Altmark) GER"]
[Date "2011.12.27"]
[Round "1"]
[White "Wacker, Andreas"]
[Black "Suvorov, Luca"]
[Result "0-1"]
[Termination "normal"]
[Board "8.4"]
[WhiteElo "1038"]
[BlackElo "1098"]
[WhiteTeam "SC 1997 Lambsheim"]
[BlackTeam "SG Porz"]
[WhiteFideId "12953083"]
[BlackFideId "12977071"]
[EventCountry "GER"]
[EventRounds "7"]
[EventType "team-swiss"]
[EventDate "2011.12.26"]

1. e4 Nc6 2. Nf3 d6 3. Bc4 Nf6 4. Nc3 e6 5. d3 Be7 6. O-O O-O 7. Bg5 h6 8. Bh4
d5 9. Bb5 a6 10. Bxc6 bxc6 11. e5 Nd7 12. Bxe7 Qxe7 13. d4 c5 14. Re1 cxd4 15.
Nxd4 Bb7 16. a3 Qg5 17. Nf3 Qg6 18. Ne2 f5 19. exf6 Rxf6 20. Ned4 c5 21. Nb3 d4
22. Nbd2 Raf8 23. Nh4 Qg5 24. Ne4 Bxe4 25. Rxe4 Rxf2 26. Qg4 Qxg4 27. Rxg4 Rxc2
28. Rb1 d3 29. Re4 d2 30. Nf3 Rxf3 31. gxf3 Rc1+ 32. Rxc1 dxc1=Q+ 33. Kf2 Qxb2+
34. Re2 Qd4+ 35. Re3 Nf6 36. Ke2 Nh5 37. Rd3 Nf4+ 38. Kf1 Qxd3+ 39. Kf2 g5 40.
Kg3 Qf1 41. Kg4 Qg2# 0-1

[Event "DVM U12 2011"]
[Site "Arendsee (Altmark) GER"]
[Date "2011.12.27"]
[Round "1"]
[White "Rößler, Linus Benedict"]
[Black "Rogalski, Maximilian"]
[Result "1-0"]
[Termination "normal"]
[Board "9.2"]
[WhiteElo "1558"]
[BlackElo "1010"]
[WhiteTeam "AE Magdeburg"]
[BlackTeam "SV Oberursel"]
[WhiteFideId "12921076"]
[EventCountry "GER"]
[EventRounds "7"]
[EventType "team-swiss"]
[EventDate "2011.12.26"]

1. e4 e5 2. Nf3 Nc6 3. Bc4 Bc5 4. c3 Nf6 5. d3 O-O 6. Nbd2 d5 7. exd5 Nxd5 8.
Ne4 Bb6 9. O-O Re8 10. Re1 Nf6 11. Neg5 Nd5 12. Qe2 h6 13. Ne4 Nf6 14. Ng3 Bg4
15. Bb3 Bc5 16. h3 Bxf3 17. Qxf3 Qd7 18. Ne4 Nxe4 19. dxe4 Rad8 20. Rd1 Qe7 21.
Be3 Rxd1+ 22. Rxd1 Bxe3 23. Qxe3 Rd8 24. Rxd8+ Qxd8 25. Qf3 Qe7 26. Bd5 Qd7 27.
Qf5 Qxf5 28. exf5 Kf8 29. Bxc6 bxc6 30. Kf1 Ke7 31. Ke2 Kf6 32. g4 h5 33. Kf3
hxg4+ 34. hxg4 g5 35. fxg6 fxg6 36. Ke4 Ke6 37. b4 Kf6 38. c4 Ke6 39. a4 a6 40.
a5 Kf6 41. b5 cxb5 42. cxb5 1-0

[Event "DVM U12 2011"]
[Site "Arendsee (Altmark) GER"]
[Date "2011.12.27"]
[Round "1"]
[White "Spierling, Maximilian"]
[Black "Wagner, Tobias"]
[Result "0-1"]
[Termination "normal"]
[Board "9.3"]
[WhiteElo "1102"]
[BlackElo "1304"]
[WhiteTeam "SV Oberursel"]
[BlackTeam "AE Magdeburg"]
[BlackFideId "12943452"]
[EventCountry "GER"]
[EventRounds "7"]
[EventType "team-swiss"]
[EventDate "2011.12.26"]

1. e4 c5 2. Nf3 Nc6 3. Bc4 g6 4. d3 Bg7 5. c3 Nf6 6. Nbd2 O-O 7. O-O e6 8. Re1
d5 9. exd5 exd5 10. Bb3 Bf5 11. Nf1 Re8 12. Rxe8+ Qxe8 13. Ng3 Bg4 14. h3 Bxf3
15. Qxf3 Rd8 16. Bg5 Qe6 17. c4 Nd4 18. Qd1 Nxb3 19. Qxb3 b6 20. cxd5 Qxd5 21.
Qxd5 Rxd5 22. Bxf6 Bxf6 23. Ne4 Bxb2 24. Rb1 Be5 25. f4 Bd4+ 26. Kh1 f5 27. Ng5
Be3 28. Ne6 Rxd3 29. Re1 c4 30. g3 c3 31. Re2 Rd1+ 32. Kg2 Rd2 33. Kf1 Rxe2 34.
Kxe2 c2 35. Kxe3 c1=Q+ 0-1

[Event "DVM U12 2011"]
[Site "Arendsee (Altmark) GER"]
[Date "2011.12.27"]
[Round "1"]
[White "Wolff, Marti"]
[Black "Vogt, Dennis"]
[Result "1-0"]
[Termination "normal"]
[Board "9.4"]
[WhiteElo "1173"]
[BlackElo "800"]
[WhiteTeam "AE Magdeburg"]
[BlackTeam "SV Oberursel"]
[WhiteFideId "12943487"]
[EventCountry "GER"]
[EventRounds "7"]
[EventType "team-swiss"]
[EventDate "2011.12.26"]

1. e4 e5 2. Nf3 Nf6 3. Nxe5 d6 4. Nf3 Nxe4 5. Qe2 d5 6. d3 Bb4+ 7. Bd2 O-O 8.
dxe4 Bxd2+ 9. Qxd2 Bg4 10. Be2 Nc6 11. Qxd5 Qxd5 12. exd5 Nb4 13. Na3 Nxd5 14.
O-O-O Rad8 15. h3 Bc8 16. Bc4 c6 17. Bxd5 cxd5 18. Nb5 a6 19. Nc3 Be6 20. Rhe1
Rfe8 21. Nxd5 Bxd5 22. Rxe8+ Rxe8 23. Rxd5 b5 24. Kd2 a5 25. Rxb5 a4 26. Ra5
Rd8+ 27. Ke3 Re8+ 28. Kd4 Rd8+ 29. Ke5 Re8+ 30. Kd6 Re6+ 31. Kd7 Kf8 32. Ra8+
Re8 33. Rxe8# 1-0